000
00277nam a2200109Ia 4500
008
201231s9999 xx 000 0 und d
100
_a
Morgan, Bryan; Perkins, Jeff
245
0
_a
Teach Yourself SQL in 14 Days
260
_a
New Delhi
_b
Prentice-Hall
300
_a
377
942
_c
BK
999
_c
9443
_d
9443